| 000 | 00968cam a2200205 4500 | ||
|---|---|---|---|
| 001 | X118458 | ||
| 008 | 020619n2002 000 0 eng u | ||
| 035 | _a(Sirsi) u118458 | ||
| 100 | _aHindle, A | ||
| 245 | _aHuman rights and schemes of management under the Leasehold Reform Acts - Part 2 | ||
| 260 | _c2002 | ||
| 490 |
_aLandlord and Tenant Review _v6(1) 2002, 6-8(3) |
||
| 520 | _aExamines how Article 8 and Protocol 1, Article 1 of European Convention on Human Rights could influence provisions relating to entry to enfranchised property, repairs and external decorations, alterations and users. Part 1 of this article appeared in volume 5, number 6 2001. | ||
| 650 | _aLEASEHOLD REFORM ACT 1967 | ||
| 650 | _aHUMAN RIGHTS ACT 1998 | ||
| 650 | _aLEASEHOLD REFORM, HOUSING AND URBAN DEVELOPMENT ACT 1993 | ||
| 650 | _aCONVENTION FOR THE PROTECTION OF HUMAN RIGHTS AND FUNDAMENTAL FREEDOMS | ||
| 690 | _aLANDLORD AND TENANT-LEASEHOLD REFORM | ||
| 942 | _n0 | ||
| 999 |
_c70513 _d70513 |
||